[Event "Skopje op"]
[Site "Skopje"]
[Date "2023.12.10"]
[Round "7"]
[White "Manova, Ivana"]
[Black "Kelmendi, Arsim"]
[Result "0-1"]
[WhiteElo "1950"]
[BlackElo "2061"]
[PlyCount "98"]
[EventDate "2023.12.06"]
[EventType "swiss"]
[EventRounds "9"]
[EventCountry "MKD"]
[SourceTitle "CB50_2023"]
[SourceDate "2023.12.13"]
[SourceVersion "1"]
[SourceVersionDate "2023.12.13"]
[SourceQuality "1"]

1. e4 c5 2. Nf3 e6 3. c3 Nf6 4. e5 Nd5 5. d4 cxd4 6. cxd4 Bb4+ 7. Bd2 Qa5 8. Bc4 Nc6 9. 0-0 Bxd2 10. Qxd2 Nde7 11. Nc3 Qb4 12. Nb5 Qxd2 13. Nxd2 0-0 14. Nf3 a6 15. Nd6 b5 16. Bb3 Rb8 17. Rac1 Bb7 18. Rfd1 Na5 19. Nd2 Nec6 20. N2e4 Nxb3 21. axb3 Nb4 22. Nc5 Bc6 23. Ra1 Ra8 24. Ra5 f6 25. f3 h5 26. Nd3 Nxd3 27. Rxd3 fxe5 28. dxe5 Rf4 29. Kf2 Rb4 30. Ke3 Bd5 31. Ra3 a5 32. h3 h4 33. Rc3 a4 34. bxa4 bxa4 35. Rc8+ Rxc8 36. Nxc8 Kf7 37. Nd6+ Kg6 38. Kd3 Kg5 39. Kc3 Rb3+ 40. Rxb3 axb3 41. Kd3 Kf4 42. Nf7 Kg3 43. Ke3 Kxg2 44. Ng5 Kg3 45. f4 g6 46. Nf7 Kxh3 47. Nh8 Kg4 48. Kf2 h3 49. Kg1 Kf3 0-1

[Event "Skopje op"]
[Site "Skopje"]
[Date "2023.12.10"]
[Round "6"]
[White "Manova, Ivana"]
[Black "Michalicka, Milan"]
[Result "1/2-1/2"]
[WhiteElo "1950"]
[BlackElo "2161"]
[PlyCount "80"]
[EventDate "2023.12.06"]
[EventType "swiss"]
[EventRounds "9"]
[EventCountry "MKD"]
[SourceTitle "CB50_2023"]
[SourceDate "2023.12.13"]
[SourceVersion "1"]
[SourceVersionDate "2023.12.13"]
[SourceQuality "1"]

1. e4 c5 2. Nf3 e6 3. c3 Nf6 4. e5 Nd5 5. Bc4 d6 6. 0-0 Be7 7. d4 cxd4 8. Bxd5 exd5 9. exd6 Qxd6 10. Nxd4 0-0 11. Qf3 Be6 12. Na3 Nc6 13. Nab5 Qd7 14. Be3 a6 15. Nxc6 bxc6 16. Nd4 Bg4 17. Qg3 Rfc8 18. f3 Bh5 19. Rfd1 Re8 20. Nb3 Bd6 21. Qf2 Qc7 22. g3 Qe7 23. Re1 Qf6 24. Kg2 a5 25. Bd4 Be5 26. Bxe5 Rxe5 27. Rxe5 Qxe5 28. Re1 Qb8 29. Re7 a4 30. Nc5 Qd6 31. Qe3 h6 32. Re8+ Rxe8 33. Qxe8+ Kh7 34. Nxa4 c5 35. Qc8 Qe5 36. Qxc5 Qe2+ 37. Qf2 Bxf3+ 38. Kg1 Qd1+ 39. Qf1 Qxa4 40. Qxf3 Qxa2 1/2-1/2

[Event "EU-chT (Women) 24th"]
[Site "Budva"]
[Date "2023.11.18"]
[Round "7.2"]
[White "Urh, Zala"]
[Black "Manova, Ivana"]
[Result "1-0"]
[WhiteElo "2249"]
[BlackElo "1941"]
[PlyCount "97"]
[EventDate "2023.11.11"]
[EventType "team-swiss"]
[EventRounds "9"]
[EventCountry "MNE"]
[SourceTitle "CB47_2023"]
[SourceDate "2023.11.22"]
[SourceVersion "1"]
[SourceVersionDate "2023.11.22"]
[SourceQuality "1"]
[WhiteTeam "Slovenia (W)"]
[BlackTeam "North Macedonia (W)"]
[WhiteTeamCountry "SLO"]
[BlackTeamCountry "MKD"]

1. d4 Nf6 2. c4 e6 3. g3 Bb4+ 4. Nd2 Nc6 5. Ngf3 0-0 6. Bg2 d6 7. 0-0 Bxd2 8. Bxd2 e5 9. dxe5 dxe5 10. Bc3 Qe7 11. Nd2 Rd8 12. a3 e4 13. Qc2 e3 14. Ne4 exf2+ 15. Rxf2 Ng4 16. Rf3 Nd4 17. Bxd4 Rxd4 18. Nf2 Be6 19. b3 Rad8 20. Nd3 Qg5 21. Qc1 Qh5 22. h3 Ne5 23. Nxe5 Qxe5 24. Qf1 Rd2 25. Re1 Qc5+ 26. Qf2 Qxa3 27. Kh2 b6 28. Rf1 Rd1 29. Re3 Rxf1 30. Qxf1 Qd6 31. Be4 a5 32. Bd3 Qd4 33. Bxh7+ Kxh7 34. Rd3 Qxd3 35. exd3 g6 36. g4 Kg7 37. Qe2 Rd7 38. Qe5+ Kg8 39. d4 Rd6 40. d5 Bd7 41. Qe7 f6 42. Qd8+ Kf7 43. Qxc7 Ke7 44. h4 f5 45. g5 b5 46. cxb5 Rxd5 47. b6 f4 48. b7 Rd2+ 49. Kg1 1-0

[Event "EU-chT (Women) 24th"]
[Site "Budva"]
[Date "2023.11.17"]
[Round "6.2"]
[White "Manova, Ivana"]
[Black "Johannsdottir, Johanna Bjorg"]
[Result "1/2-1/2"]
[WhiteElo "1941"]
[BlackElo "1999"]
[PlyCount "127"]
[EventDate "2023.11.11"]
[EventType "team-swiss"]
[EventRounds "9"]
[EventCountry "MNE"]
[SourceTitle "CB47_2023"]
[SourceDate "2023.11.22"]
[SourceVersion "1"]
[SourceVersionDate "2023.11.22"]
[SourceQuality "1"]
[WhiteTeam "North Macedonia (W)"]
[BlackTeam "Iceland (W)"]
[WhiteTeamCountry "MKD"]
[BlackTeamCountry "ISL"]

1. e4 c5 2. Nf3 d6 3. Bb5+ Bd7 4. Bxd7+ Qxd7 5. 0-0 Nc6 6. c3 Nf6 7. Re1 e6 8. d4 cxd4 9. Nxd4 Be7 10. Bg5 0-0 11. Nd2 Rfe8 12. N2f3 d5 13. Bxf6 gxf6 14. exd5 Qxd5 15. Qb3 Qxb3 16. axb3 Nxd4 17. Nxd4 a6 18. b4 Red8 19. Ra4 Rac8 20. b5 axb5 21. Ra7 b4 22. Rxb7 bxc3 23. bxc3 Bc5 24. Nb3 Bf8 25. g3 Rxc3 26. Kg2 Bh6 27. Re2 Rdd3 28. Na1 f5 29. f4 Bf8 30. Rbb2 Kg7 31. Rbd2 Bc5 32. Rxd3 Rxd3 33. Nc2 f6 34. Ne1 Re3 35. Rxe3 Bxe3 36. Nf3 Kg6 37. h3 Bc1 38. Nh4+ Kf7 39. Kf3 h5 40. g4 hxg4+ 41. hxg4 fxg4+ 42. Kxg4 Kg7 43. Nf3 Kg6 44. Nh4+ Kh6 45. Nf3 f5+ 46. Kg3 Kg6 47. Ne5+ Kf6 48. Kf3 Bb2 49. Nc4 Bd4 50. Na5 Kf7 51. Nb3 Bb6 52. Nd2 Ke7 53. Nf1 Kd6 54. Ng3 Kd5 55. Nh5 Bd4 56. Ng3 Bb2 57. Ne2 Kc4 58. Ng3 Kd3 59. Ne2 Ba3 60. Ng3 Bb4 61. Ne2 Be1 62. Nc1+ Kc2 63. Ne2 Bc3 64. Ng1 1/2-1/2

[Event "EU-chT (Women) 24th"]
[Site "Budva"]
[Date "2023.11.13"]
[Round "3.11"]
[White "Manova, Ivana"]
[Black "Koljevic, Nikolina"]
[Result "1-0"]
[WhiteElo "1941"]
[BlackElo "2067"]
[PlyCount "112"]
[EventDate "2023.11.11"]
[EventType "team-swiss"]
[EventRounds "9"]
[EventCountry "MNE"]
[SourceTitle "CB47_2023"]
[SourceDate "2023.11.22"]
[SourceVersion "1"]
[SourceVersionDate "2023.11.22"]
[SourceQuality "1"]
[WhiteTeam "North Macedonia (W)"]
[BlackTeam "Montenegro (W)"]
[WhiteTeamCountry "MKD"]
[BlackTeamCountry "MNE"]

1. e4 c6 2. d4 d5 3. e5 Bf5 4. h4 h6 5. g4 Be4 6. f3 Bh7 7. e6 Nf6 8. Bd3 Qd6 9. exf7+ Kxf7 10. Ne2 Nbd7 11. Bxh7 Rxh7 12. Bf4 e5 13. dxe5 Nxe5 14. Bxe5 Qxe5 15. Qd4 Re8 16. Qxe5 Rxe5 17. Nd2 Bc5 18. Rh2 Rh8 19. 0-0-0 Be3 20. h5 Rhe8 21. Kb1 Bg5 22. Nd4 Re1 23. Kc1 c5 24. Nf5 Bf4 25. Rf2 R8e2 26. Rxe2 Rxe2 27. c3 Rf2 28. Kc2 Nd7 29. c4 d4 30. Kd3 Bg5 31. Nd6+ Ke6 32. N6e4 Ne5+ 33. Kc2 d3+ 34. Kb3 Re2 35. Nxc5+ Ke7 36. Nce4 Bxd2 37. Nxd2 Re3 38. Kc3 Nxf3 39. Nxf3 Rxf3 40. Rxd3 Rf2 41. a3 b6 42. b4 Rf4 43. Rg3 Kd6 44. g5 hxg5 45. Rxg5 Rf3+ 46. Kd4 Rf4+ 47. Kd3 Rf3+ 48. Ke4 Rxa3 49. Rg6+ Ke7 50. Rxg7+ Kf6 51. Rg6+ Kf7 52. Rc6 Ke7 53. h6 Rh3 54. Kf5 Kd7 55. b5 Rg3 56. h7 Rh3 1-0

[Event "EU-chT (Women) 24th"]
[Site "Budva"]
[Date "2023.11.12"]
[Round "2.16"]
[White "Frisk, Ellinor"]
[Black "Manova, Ivana"]
[Result "1/2-1/2"]
[WhiteElo "2161"]
[BlackElo "1941"]
[PlyCount "162"]
[EventDate "2023.11.11"]
[EventType "team-swiss"]
[EventRounds "9"]
[EventCountry "MNE"]
[SourceTitle "CB47_2023"]
[SourceDate "2023.11.22"]
[SourceVersion "1"]
[SourceVersionDate "2023.11.22"]
[SourceQuality "1"]
[WhiteTeam "Sweden (W)"]
[BlackTeam "North Macedonia (W)"]
[WhiteTeamCountry "SWE"]
[BlackTeamCountry "MKD"]

1. Nf3 d5 2. c4 e6 3. g3 d4 4. Bg2 Nc6 5. 0-0 Bc5 6. e3 Nge7 7. d3 0-0 8. Na3 e5 9. Nc2 a5 10. exd4 exd4 11. Bf4 Ng6 12. Qd2 Bf5 13. Rfd1 h6 14. a3 a4 15. Rab1 Na5 16. Na1 Qd7 17. b4 axb3 18. Nxb3 Nxb3 19. Rxb3 Ra7 20. Nh4 Nxh4 21. gxh4 b6 22. Bg3 Rxa3 23. Rxa3 Bxa3 24. Qf4 Bd6 25. Qxd4 Bxg3 26. Qxd7 Bxf2+ 27. Kxf2 Bxd7 28. Ra1 Bf5 29. d4 Bd3 30. c5 bxc5 31. dxc5 Re8 32. Ra7 Re7 33. Kg3 g6 34. Kf4 Kg7 35. Bf3 Kf6 36. Ra3 g5+ 37. hxg5+ hxg5+ 38. Kg3 Be4 39. Bxe4 Rxe4 40. Ra7 Re7 41. Kg4 Kg6 42. h3 f5+ 43. Kf3 Kf6 44. Rb7 Rh7 45. Kg2 Ke6 46. Rb8 Ke5 47. Kg3 Rf7 48. Rg8 Kf6 49. Rd8 Kg7 50. Kf3 Re7 51. Rc8 Kf7 52. Rh8 Kf6 53. Rf8+ Ke6 54. Rg8 Kf6 55. Rf8+ Ke6 56. Rg8 g4+ 57. hxg4 fxg4+ 58. Rxg4 Kd5 59. Rg1 Kxc5 60. Rc1+ Kd5 61. Rd1+ Kc4 62. Rc1+ Kd3 63. Rd1+ Kc2 64. Rd5 Kb3 65. Rc5 Kb4 66. Rc6 Kb5 67. Rc1 c5 68. Rb1+ Kc4 69. Rc1+ Kb4 70. Rb1+ Kc4 71. Rc1+ Kb5 72. Rb1+ Kc6 73. Rc1 Re5 74. Kf4 Re2 75. Kf3 Re6 76. Kf4 Re7 77. Kf3 Re5 78. Kf4 Re7 79. Kf3 Kb6 80. Rb1+ Kc6 81. Rc1 Re5 1/2-1/2

[Event "FRM-chT (Women)"]
[Site "Ohrid"]
[Date "2023.08.31"]
[Round "6.3"]
[White "Manova, Ivana"]
[Black "Lazarevska, Ana"]
[Result "1/2-1/2"]
[WhiteElo "1930"]
[BlackElo "1300"]
[PlyCount "114"]
[EventDate "2023.08.26"]
[EventType "team-tourn"]
[EventRounds "7"]
[EventCountry "MKD"]
[SourceTitle "EXT 2024"]
[Source "ChessBase"]
[SourceDate "2023.10.10"]
[SourceVersion "1"]
[SourceVersionDate "2023.10.10"]
[SourceQuality "1"]

1. e4 e5 2. Nf3 Nc6 3. d4 exd4 4. Bc4 Nf6 5. e5 d5 6. Bb5 Ne4 7. Nxd4 Bd7 8. Bxc6 bxc6 9. 0-0 Bc5 10. f3 Ng5 11. Be3 Bb6 12. f4 Ne4 13. Nc3 Nxc3 14. bxc3 0-0 15. Qd2 Qe7 16. Nb3 f6 17. Rae1 fxe5 18. Bxb6 cxb6 19. Rxe5 Qf7 20. Nd4 Rae8 21. Rxe8 Rxe8 22. Nf3 Qf5 23. Ne5 Re7 24. Re1 h5 25. h3 Qe6 26. g4 hxg4 27. hxg4 Qd6 28. Nxd7 Rxe1+ 29. Qxe1 Qxd7 30. f5 Qd6 31. Qe8+ Kh7 32. Kg2 Qf6 33. Qe3 Qh4 34. Qh3 Qxh3+ 35. Kxh3 c5 36. g5 Kg8 37. Kg4 Kf7 38. Kf4 g6 39. fxg6+ Kxg6 40. Ke5 Kxg5 41. Kxd5 Kf4 42. Kc6 Ke3 43. Kb7 Kd2 44. Kxa7 Kxc2 45. c4 Kc3 46. Kxb6 Kxc4 47. a4 Kb4 48. a5 c4 49. a6 c3 50. a7 c2 51. a8Q c1Q 52. Qa5+ Kb3 53. Qb5+ Kc2 54. Qc4+ Kb1 55. Qb4+ Kc2 56. Qe4+ Kd1 57. Qf3+ Kc2 1/2-1/2

[Event "FRM-chT (Women)"]
[Site "Ohrid"]
[Date "2023.08.30"]
[Round "5.3"]
[White "Cokreva, Gordana"]
[Black "Manova, Ivana"]
[Result "0-1"]
[WhiteElo "1776"]
[BlackElo "1930"]
[PlyCount "96"]
[EventDate "2023.08.26"]
[EventType "team-tourn"]
[EventRounds "7"]
[EventCountry "MKD"]
[SourceTitle "EXT 2024"]
[Source "ChessBase"]
[SourceDate "2023.10.10"]
[SourceVersion "1"]
[SourceVersionDate "2023.10.10"]
[SourceQuality "1"]

1. e4 e5 2. Nf3 Nc6 3. Bb5 a6 4. Ba4 Nf6 5. 0-0 Be7 6. Re1 b5 7. Bb3 d6 8. h3 Na5 9. d3 Nxb3 10. axb3 0-0 11. Nbd2 Ne8 12. Nf1 f5 13. exf5 Bxf5 14. Ng3 c5 15. Nxf5 Rxf5 16. Qe2 Qc8 17. Qe4 Nf6 18. Qh4 Nd5 19. Qg3 Nf4 20. Re4 Nh5 21. Qh2 Qb7 22. Nh4 Rf7 23. Nf3 Raf8 24. Rg4 Nf6 25. Rg3 Nd5 26. Bg5 Nb4 27. Rc1 e4 28. Bxe7 Rxe7 29. dxe4 Qxe4 30. Rg4 Qe6 31. Qg3 Qf6 32. Rh4 Qxb2 33. Rf1 Qf6 34. Ng5 h6 35. Ne4 Qe5 36. Nxd6 Qxg3 37. fxg3 Rxf1+ 38. Kxf1 Nxc2 39. Rf4 Rd7 40. Ne4 c4 41. bxc4 Ne3+ 42. Kf2 Nxc4 43. Nc5 Rd6 44. Ke2 Rc6 45. Ne4 a5 46. Nc3 b4 47. Na4 Nb6 48. Nb2 Rc2+ 0-1

[Event "FRM-chT (Women)"]
[Site "Ohrid"]
[Date "2023.08.29"]
[Round "4.3"]
[White "Manova, Ivana"]
[Black "Trajkovska, Sanja"]
[Result "1-0"]
[WhiteElo "1930"]
[BlackElo "1886"]
[PlyCount "71"]
[EventDate "2023.08.26"]
[EventType "team-tourn"]
[EventRounds "7"]
[EventCountry "MKD"]
[SourceTitle "EXT 2024"]
[Source "ChessBase"]
[SourceDate "2023.10.10"]
[SourceVersion "1"]
[SourceVersionDate "2023.10.10"]
[SourceQuality "1"]

1. e4 c5 2. Nf3 d6 3. Bb5+ Bd7 4. Bxd7+ Qxd7 5. 0-0 Nc6 6. c3 Nf6 7. d4 cxd4 8. cxd4 e6 9. d5 Ne5 10. dxe6 Nxf3+ 11. Qxf3 fxe6 12. Bg5 Be7 13. Nc3 0-0 14. Qh3 Rac8 15. Rad1 Rc5 16. f4 Qc8 17. Rf3 h6 18. Bxf6 Bxf6 19. Rxd6 Rxc3 20. Rxc3 Bxc3 21. Qxc3 Qxc3 22. bxc3 Rxf4 23. Rxe6 Kf8 24. Re5 b6 25. Rf5+ Rxf5 26. exf5 h5 27. Kf2 Ke7 28. Ke3 Kd6 29. Kd4 h4 30. g3 h3 31. a4 a6 32. c4 Kc6 33. g4 Kd6 34. g5 a5 35. Ke4 Ke7 36. Kd5 1-0

[Event "FRM-ch (Women)"]
[Site "Skopje"]
[Date "2023.05.08"]
[Round "6"]
[White "Lazarova, Jovana"]
[Black "Manova, Ivana"]
[Result "0-1"]
[WhiteElo "1225"]
[BlackElo "1928"]
[PlyCount "54"]
[EventDate "2023.05.04"]
[EventType "tourn"]
[EventRounds "9"]
[EventCountry "MKD"]
[SourceTitle "CBM 214 Extra"]
[Source "ChessBase"]
[SourceDate "2023.07.31"]
[SourceVersion "1"]
[SourceVersionDate "2023.07.31"]
[SourceQuality "1"]

1. e4 e5 2. Nf3 Nc6 3. Bc4 Bc5 4. c3 Nf6 5. d4 exd4 6. e5 d5 7. Bb5 Ne4 8. cxd4 Bb6 9. Nc3 0-0 10. h3 f6 11. Bxc6 bxc6 12. 0-0 fxe5 13. Nxe5 Ba6 14. Ne2 c5 15. dxc5 Bxc5 16. Nd3 Bxd3 17. Qxd3 Nxf2 18. Rxf2 Bxf2+ 19. Kh1 c6 20. Bd2 Qh4 21. Rc1 Rac8 22. Qa6 Bb6 23. Qb7 Rc7 24. Qa6 Rcf7 25. Rxc6 Bc7 26. Ba5 Rf1+ 27. Ng1 Qd4 0-1

[Event "FRM-ch (Women)"]
[Site "Skopje"]
[Date "2023.05.05"]
[Round "2"]
[White "Jakimova, Bonita"]
[Black "Manova, Ivana"]
[Result "0-1"]
[WhiteElo "1163"]
[BlackElo "1928"]
[PlyCount "78"]
[EventDate "2023.05.04"]
[EventType "tourn"]
[EventRounds "9"]
[EventCountry "MKD"]
[SourceTitle "CBM 214 Extra"]
[Source "ChessBase"]
[SourceDate "2023.07.31"]
[SourceVersion "1"]
[SourceVersionDate "2023.07.31"]
[SourceQuality "1"]

1. e4 c5 2. c3 d5 3. exd5 Qxd5 4. d4 Nc6 5. Nf3 Bg4 6. Be2 e6 7. Na3 cxd4 8. Nb5 0-0-0 9. Nbxd4 Nxd4 10. Qxd4 Bxf3 11. Bxf3 Qxd4 12. cxd4 Bb4+ 13. Ke2 Ne7 14. Rd1 Kb8 15. Rd3 Nf5 16. d5 Rhe8 17. Kf1 e5 18. Be4 Nd4 19. g3 f5 20. Bg2 Nc2 21. Rb1 e4 22. Bf4+ Bd6 23. Bxd6+ Rxd6 24. Rd2 Nb4 25. Rbd1 Re5 26. a3 Rexd5 27. Rxd5 Rxd5 28. Rxd5 Nxd5 29. g4 g6 30. Ke2 Nf4+ 31. Kf1 Nxg2 32. Kxg2 f4 33. Kf1 g5 34. Ke2 Kc7 35. Kd2 Kd6 36. Kc3 Ke5 37. a4 a5 38. b3 Kd5 39. h3 h6 0-1

[Event "EU-ch (Women) 23rd"]
[Site "Petrovac"]
[Date "2023.03.29"]
[Round "11"]
[White "Huseynova, Lala"]
[Black "Manova, Ivana"]
[Result "0-1"]
[WhiteElo "1694"]
[BlackElo "1923"]
[PlyCount "98"]
[EventDate "2023.03.18"]
[EventType "swiss"]
[EventRounds "11"]
[EventCountry "MNE"]
[SourceTitle "CBM 213 Extra"]
[Source "ChessBase"]
[SourceDate "2023.05.31"]
[SourceVersion "1"]
[SourceVersionDate "2023.05.31"]
[SourceQuality "1"]

1. e4 e5 2. Nf3 Nc6 3. Bb5 a6 4. Ba4 Nf6 5. 0-0 Be7 6. Re1 b5 7. Bb3 d6 8. h3 Na5 9. c3 Nxb3 10. axb3 Bb7 11. d3 0-0 12. Nbd2 Re8 13. Nf1 Bf8 14. Ng3 g6 15. Be3 h6 16. Qd2 Kh7 17. Nh2 d5 18. exd5 Qxd5 19. f3 Qxb3 20. Ne4 Nxe4 21. fxe4 f5 22. Rf1 f4 23. Bf2 Rad8 24. Qe2 c5 25. Ng4 Qe6 26. c4 Rd7 27. Rad1 h5 28. Nh2 Be7 29. Nf3 Kh6 30. g3 g5 31. gxf4 exf4 32. cxb5 axb5 33. h4 Rg8 34. hxg5+ Bxg5 35. Kh2 Rdg7 36. Bh4 Bf6 37. Rf2 Bc8 38. Qf1 Rg4 39. Bxf6 Qxf6 40. Kh1 Rg3 41. Nh2 Bh3 42. Qe1 Bg2+ 43. Rxg2 Rxg2 44. Nf3 Qxb2 45. Qf1 R8g3 46. Nd2 Rg1+ 47. Qxg1 Rxg1+ 48. Kxg1 Qc2 49. Ra1 Qxd2 0-1

[Event "EU-ch (Women) 23rd"]
[Site "Petrovac"]
[Date "2023.03.28"]
[Round "10"]
[White "Manova, Ivana"]
[Black "Vidic, Teja"]
[Result "0-1"]
[WhiteElo "1923"]
[BlackElo "2097"]
[PlyCount "80"]
[EventDate "2023.03.18"]
[EventType "swiss"]
[EventRounds "11"]
[EventCountry "MNE"]
[SourceTitle "CBM 213 Extra"]
[Source "ChessBase"]
[SourceDate "2023.05.31"]
[SourceVersion "1"]
[SourceVersionDate "2023.05.31"]
[SourceQuality "1"]

1. e4 c5 2. Nc3 Nc6 3. Nf3 e6 4. d4 cxd4 5. Nxd4 Nf6 6. Nxc6 bxc6 7. e5 Nd5 8. Nxd5 cxd5 9. Bd3 d6 10. Bf4 dxe5 11. Bxe5 Bd6 12. Bxg7 Rg8 13. Bc3 Rxg2 14. Qf3 Qg5 15. Kf1 Rg4 16. h3 Rf4 17. Bd2 Rxf3 18. Bxg5 Bc5 19. Bh4 e5 20. Re1 e4 21. Kg2 Be6 22. Be2 Rf4 23. Bg3 Rf6 24. b4 Bxb4 25. Rb1 a5 26. a3 Bxa3 27. Rb3 Bb4 28. Bb5+ Kf8 29. Be5 Rg6+ 30. Rg3 Rc8 31. Ba4 Rxg3+ 32. Kxg3 Bc3 33. Bd6+ Kg7 34. Kf4 Kf6 35. h4 Bd2+ 36. Kg3 Rg8+ 37. Kh2 Rg4 38. Bg3 Bf4 39. Bxf4 Rxf4 40. Kg2 e3 0-1

[Event "EU-ch (Women) 23rd"]
[Site "Petrovac"]
[Date "2023.03.27"]
[Round "9"]
[White "Makropoulou, Marina"]
[Black "Manova, Ivana"]
[Result "1-0"]
[WhiteElo "2102"]
[BlackElo "1923"]
[PlyCount "83"]
[EventDate "2023.03.18"]
[EventType "swiss"]
[EventRounds "11"]
[EventCountry "MNE"]
[SourceTitle "CBM 213 Extra"]
[Source "ChessBase"]
[SourceDate "2023.05.31"]
[SourceVersion "1"]
[SourceVersionDate "2023.05.31"]
[SourceQuality "1"]

1. e4 e5 2. Nf3 Nc6 3. Bc4 Bc5 4. c3 Bb6 5. 0-0 Qf6 6. d4 d6 7. Bg5 Qg6 8. dxe5 Bg4 9. exd6 cxd6 10. Nbd2 h6 11. Be3 Bxe3 12. fxe3 Nf6 13. Qe1 0-0 14. Nh4 Qg5 15. Nf5 d5 16. exd5 Bxf5 17. dxc6 bxc6 18. Nf3 Qg4 19. Nd4 Be4 20. Qe2 Qg6 21. Rf4 Rae8 22. Raf1 h5 23. Nf5 Bd5 24. Bxd5 Nxd5 25. R4f3 Re4 26. Rg3 Rg4 27. c4 Rxg3 28. hxg3 Qg5 29. cxd5 cxd5 30. Qf3 g6 31. Nd4 Qe7 32. Qf4 Kg7 33. Nc6 Qb7 34. Qf6+ Kh7 35. Ne7 d4 36. exd4 Qe4 37. d5 Rb8 38. Qxf7+ Kh6 39. Ng8+ Rxg8 40. Qxg8 Qe3+ 41. Kh2 Kg5 42. Qd8+ 1-0

[Event "EU-ch (Women) 23rd"]
[Site "Petrovac"]
[Date "2023.03.18"]
[Round "1"]
[White "Manova, Ivana"]
[Black "Krasteva, Beloslava"]
[Result "0-1"]
[WhiteElo "1923"]
[BlackElo "2292"]
[PlyCount "56"]
[EventDate "2023.03.18"]
[EventType "swiss"]
[EventRounds "11"]
[EventCountry "MNE"]
[SourceTitle "CBM 213 Extra"]
[Source "ChessBase"]
[SourceDate "2023.05.31"]
[SourceVersion "1"]
[SourceVersionDate "2023.05.31"]
[SourceQuality "1"]

1. e4 c5 2. Nf3 e6 3. g3 Nc6 4. Bg2 Nf6 5. Nc3 a6 6. d4 cxd4 7. Nxd4 Qc7 8. 0-0 d6 9. Bg5 Be7 10. Qd2 0-0 11. Rad1 Rd8 12. Kh1 h6 13. Nxc6 bxc6 14. Bxf6 Bxf6 15. f4 Rb8 16. b3 c5 17. Rf3 Bb7 18. Rd3 c4 19. Re3 Rbc8 20. b4 d5 21. exd5 exd5 22. Nxd5 Rxd5 23. Bxd5 Rd8 24. Kg1 Rxd5 25. Re8+ Kh7 26. Qe2 Rxd1+ 27. Qxd1 Qc6 28. Qe2 Bd4+ 0-1

[Event "FRM-chT (Women)"]
[Site "Struga"]
[Date "2022.10.20"]
[Round "7.3"]
[White "Stojkovska, Monika"]
[Black "Manova, Ivana"]
[Result "0-1"]
[WhiteElo "2050"]
[BlackElo "1876"]
[PlyCount "70"]
[EventDate "2022.10.14"]
[EventType "team-tourn"]
[EventRounds "7"]
[EventCountry "MKD"]
[SourceTitle "CBM 210 Extra"]
[Source "ChessBase"]
[SourceDate "2022.11.30"]
[SourceVersion "1"]
[SourceVersionDate "2022.11.30"]
[SourceQuality "1"]
[WhiteTeam "Skopje Alkaloid (W)"]
[BlackTeam "Skopje MSK Centar (W)"]
[WhiteTeamCountry "MKD"]
[BlackTeamCountry "MKD"]

1. d4 d5 2. c4 dxc4 3. e3 Nf6 4. Bxc4 e6 5. Nc3 a6 6. a4 Bb4 7. Nge2 c5 8. 0-0 cxd4 9. exd4 0-0 10. Bg5 Nbd7 11. Ba2 Qa5 12. Bh4 Qh5 13. Bg3 b6 14. d5 e5 15. f3 Kh8 16. Bf2 Ne8 17. d6 Rb8 18. Rc1 Qh6 19. Nd5 Bxd6 20. Nxb6 Nxb6 21. Bxb6 e4 22. f4 Bxf4 23. Rxf4 Qxb6+ 24. Qd4 Qxd4+ 25. Nxd4 Nf6 26. Rf2 Bd7 27. Rc7 Rfc8 28. Rxc8+ Rxc8 29. Bxf7 Bxa4 30. h3 Be8 31. Be6 Rd8 32. Nf5 Bb5 33. Rc2 e3 34. b3 e2 35. Kf2 Ne4+ 0-1

[Event "Olympiad Women-44"]
[Site "Chennai"]
[Date "2022.08.09"]
[Round "11.2"]
[White "Kojima, Natsumi"]
[Black "Manova, Ivana"]
[Result "0-1"]
[WhiteElo "1782"]
[BlackElo "1849"]
[PlyCount "86"]
[EventDate "2022.07.29"]
[EventType "team-swiss"]
[EventRounds "11"]
[EventCountry "IND"]
[SourceTitle "CBM 210"]
[Source "ChessBase"]
[SourceDate "2022.10.31"]
[SourceVersion "1"]
[SourceVersionDate "2022.10.31"]
[SourceQuality "1"]
[WhiteTeam "Japan (W)"]
[BlackTeam "North Macedonia (W)"]
[WhiteTeamCountry "JPN"]
[BlackTeamCountry "MKD"]

1. e4 c5 2. Nc3 Nc6 3. f4 g6 4. Nf3 Bg7 5. Bc4 e6 6. d3 Nge7 7. 0-0 d5 8. Bb3 0-0 9. Qe1 Nd4 10. e5 Nef5 11. g4 Nxf3+ 12. Rxf3 Nd4 13. Rh3 h6 14. Ne2 Nxe2+ 15. Qxe2 b5 16. c3 d4 17. cxd4 cxd4 18. Bd2 Qb6 19. Bd1 Bb7 20. Qf2 f6 21. exf6 Rxf6 22. Bf3 Rf7 23. Rc1 e5 24. Bxb7 Qxb7 25. Qf3 Qxf3 26. Rxf3 Re8 27. Kg2 exf4 28. Bxf4 Re2+ 29. Kg3 Rxb2 30. Rc6 g5 31. Bb8 Rxf3+ 32. Kxf3 Rxa2 33. Rc7 a5 34. Ke4 Re2+ 35. Kd5 Re5+ 36. Kd6 Re8 37. Ba7 Be5+ 38. Kd7 Bxc7 39. Kxe8 Be5 40. h3 b4 41. Bc5 b3 42. Ba3 Bd6 43. Bb2 a4 0-1

[Event "FRM-ch (Women)"]
[Site "Skopje"]
[Date "2022.05.04"]
[Round "6"]
[White "Manova, Ivana"]
[Black "Stojkovska, Monika"]
[Result "0-1"]
[WhiteElo "1853"]
[BlackElo "2086"]
[PlyCount "108"]
[EventDate "2022.04.29"]
[EventType "swiss"]
[EventRounds "7"]
[EventCountry "MKD"]
[SourceTitle "EXT 2023"]
[Source "ChessBase"]
[SourceDate "2022.10.05"]
[SourceVersion "1"]
[SourceVersionDate "2022.10.05"]
[SourceQuality "1"]

1. e4 c5 2. Nc3 Nc6 3. Bb5 Nd4 4. Nf3 g6 5. Nxd4 cxd4 6. Ne2 Bg7 7. 0-0 a6 8. Bd3 d5 9. f3 e5 10. b3 Ne7 11. Ba3 dxe4 12. fxe4 b5 13. Qe1 0-0 14. Qg3 Re8 15. Qf3 Be6 16. Bxe7 Rxe7 17. a4 b4 18. Ng3 Rc7 19. Nh1 Qg5 20. Rf2 h5 21. h3 a5 22. Raf1 Rf8 23. Qg3 Qe7 24. Re2 h4 25. Qe1 Rc5 26. Rf3 f5 27. Nf2 f4 28. Qd1 Rfc8 29. Qf1 Kh8 30. Re1 Bf6 31. Nd1 Rg8 32. Kh2 g5 33. Nf2 Qd7 34. Qe2 Rc7 35. Rh1 Qc8 36. Kg1 g4 37. hxg4 Bxg4 38. Nxg4 Qxg4 39. Qf2 Rh7 40. Rfh3 Be7 41. Kf1 Rg6 42. R1h2 Qc8 43. Qf3 Rg3 44. Qe2 f3 45. Qxf3 Rxf3+ 46. Rxf3 Qg4 47. Kf2 Rg7 48. Kf1 Bg5 49. Be2 Qxe4 50. Rf8+ Rg8 51. Rf7 Qxc2 52. Rh3 e4 53. Kg1 Qxd2 54. Kf1 Qc1+ 0-1

[Event "EU-chT (Women) 23rd"]
[Site "Terme Catez"]
[Date "2021.11.20"]
[Round "8.4"]
[White "Manova, Ivana"]
[Black "Vujnovic, Patricija"]
[Result "0-1"]
[WhiteElo "1809"]
[BlackElo "2151"]
[PlyCount "102"]
[EventDate "2021.11.12"]
[EventType "team-swiss"]
[EventRounds "9"]
[EventCountry "SLO"]
[SourceTitle "CBM 205"]
[Source "ChessBase"]
[SourceDate "2021.12.31"]
[SourceVersion "1"]
[SourceVersionDate "2021.12.31"]
[SourceQuality "1"]
[WhiteTeam "North Macedonia (W)"]
[BlackTeam "Croatia (W)"]
[WhiteTeamCountry "MKD"]
[BlackTeamCountry "CRO"]

1. e4 c6 2. d4 d5 3. exd5 cxd5 4. Bd3 Nc6 5. c3 Nf6 6. Bf4 Bg4 7. Qb3 e5 8. h3 Na5 9. Qc2 exf4 10. hxg4 Nxg4 11. Nd2 Bd6 12. Nh3 g6 13. 0-0-0 Kf8 14. Nf3 Kg7 15. Rde1 Qc7 16. Nhg5 Nc6 17. Rh4 Qd7 18. Nxf7 Kxf7 19. Bxg6+ hxg6 20. Ng5+ Kf6 21. Rxh8 Rxh8 22. Re6+ Qxe6 23. Nxe6 Kxe6 24. Qxg6+ Nf6 25. c4 Ne7 26. cxd5+ Nexd5 27. Qg7 Rh7 28. Qg6 Rc7+ 29. Kd2 Rc4 30. Kd3 b5 31. g4 fxg3 32. fxg3 Rc8 33. Qg7 Rg8 34. Qxa7 Rxg3+ 35. Kc2 Nb4+ 36. Kd1 Rg1+ 37. Ke2 Rg2+ 38. Kf3 Rxb2 39. Qb7 Nbd5 40. Qc8+ Kf7 41. Qc6 Be7 42. Kg3 b4 43. Qc4 Kg7 44. Kh4 Rg2 45. Qc1 Nh5+ 46. Kxh5 Rg5+ 47. Qxg5+ Bxg5 48. Kxg5 Nc3 49. Kf4 Nxa2 50. Ke4 Nc3+ 51. Kd3 Nd5 0-1